| 000 | 00392nam a22001697a 4500 | ||
|---|---|---|---|
| 003 | SGT | ||
| 020 | _a9789389034974 | ||
| 082 |
_a611.018931 _bO19G |
||
| 100 | _aG. S. Kumar | ||
| 245 | _aOrban's Oral Histology & Embryology | ||
| 250 | _a15th | ||
| 260 |
_bElsevier _c2019 |
||
| 300 | _a358 | ||
| 650 | _aHistology & Embryology | ||
| 653 | _aHistology & Embryology | ||
| 942 |
_2ddc _cBK _024 |
||
| 999 |
_c22843 _d22843 |
||